Τα φθινοπωρινά

Αποθηκεύτηκε σε:
Λεπτομέρειες βιβλιογραφικής εγγραφής
Κύριος συγγραφέας: Λουκάτος, Δημήτρης Σωτ., 1908-2003
Μορφή: Βιβλίο
Γλώσσα:Greek
Δημοσίευση: Αθήνα : Φιλιππότης, 1995
Έκδοση:2η έκδ.
Σειρά:Λαογραφία-παράδοση ; ; 4
Θέματα:
Ετικέτες: Προσθήκη ετικέτας
Δεν υπάρχουν, Καταχωρήστε ετικέτα πρώτοι!

MARC

LEADER 00000nam a2200000 i 4500
001 1/66167
008 990115s1995 gre d
035 |l 10047259 
040 |a GR-MY-UA  |b gre  |e aacr 
041 0 |a gre 
082 0 |a 394.269495 
100 1 |a Λουκάτος, Δημήτρης Σωτ.,   |d 1908-2003. 
245 1 3 |a Τα φθινοπωρινά /  |c Δημ. Λουκάτος 
250 |a 2η έκδ. 
260 |a Αθήνα :   |b Φιλιππότης,   |c 1995 
300 |a 206 σ. 
490 1 |a Λαογραφία-παράδοση  |v ; 4 
650 0 0 |a Autumn festivals  |z Greece. 
651 0 |a Greece  |x Social life and customs. 
830 0 |a Λαογραφία-παράδοση ;  |v ; 4 
852 |a INST  |b RHODES  |e 19990115  |h 394.269495 ΛΟΥ  |p 005400005791  |q 005400005791  |t BK  |y 0 
901 |a BIBL-1999-1 
909 |a Ρ  |b 061166  |c 1998 
922 |a 4ΕΛΗ  |b 199811  |c ΚΠΣ/ΔΕ 
970 |z 2000/06/ΟΙΚΟΝΟΜΟΠΟΥΛΟΥ (SUBJECT)